000 01657cam a22004934i 4500
003 PE-LiUPU
005 20250731165457.0
008 150623s r 000 0 d
020 _a965070258X
035 _a(Sirsi) i9789650702588
040 _aPE-LiUPU
_bspa
_cPE-LiUPU
_erda
049 _aPRUA
082 0 4 _a296.03e
_bE34
_221
245 0 0 _aEncyclopaedia judaica :
_bUr-Z.
_n16 /
_ceditado por Cecil Roth.
264 1 _aJerusalem :
_bKeter Publishing House,
_c1996.
300 _a1662 páginas :
_bilustraciones fotos, láms. ;
_c32 centímetros
336 _atext
_2rdacontent
337 _aunmediated
_2rdamedia
338 _avolume
_2rdacarrier
505 0 _aEnciclopedia judaica: Ur-Z.
526 _aSEG44
526 _aSEG26
526 _aP151
526 _aP150
526 _aP149
526 _aP146
526 _aP145
526 _aP126
526 _aP125
526 _aP92
526 _aP75
526 _aP74
526 _aP27
526 _aP15
650 0 4 _aJudaísmo
_vEnciclopedias.
650 0 4 _aJudios
_vEnciclopedias.
700 1 _aRoth, Cecil,
_eed.
942 _2ddc
_cBOOK
949 _aRC 296.03E E34 16
_wDEWEY
_c1
_i45264
_lCCODEBUL1
_mBUL
_r0
_sY
_tBOOK
_u2015-6-24
_xTEOLOGIA
_PP35
_0COMPRA
_o.CIRCNOTE. No olvidar cambiar la fecha de devolución!!!!!!!
_o.STAFF. Colección General
994 _aC0
_bPEPRU
596 _a1
999 _aRC 296.03E E34 16
_wDEWEY
_c22121
_i45264
_f2021-11-8
_g6
_lCCODEBUL1
_mBUL
_r1
_sY
_tBOOK
_u2015-6-24
_xTEOLOGIA
_PP35
_0COMPRA
_o.CIRCNOTE. No olvidar cambiar la fecha de devolución!!!!!!!
_o.STAFF. Colección General
_d22121
980 _81
_gALBERTO SANCHEZ Responsable de Automatización